Vista normal Vista MARC

Entrada Materia (personas)

Número de registros utilizados en: 1

001 - CONTROL NUMBER

  • control field: 96128

003 - CONTROL NUMBER IDENTIFIER

  • control field: Co-BoUCM

005 - DATE AND TIME OF LATEST TRANSACTION

  • control field: 20190502144443.0

008 - FIXED-LENGTH DATA ELEMENTS

  • fixed length control field: 190502|| aca||aabn | a|a d

040 ## - CATALOGING SOURCE

  • Original cataloging agency: Co-BoUCM
  • Transcribing agency: Co-BoUCM

100 ## - HEADING--PERSONAL NAME

  • Personal name: Daudet, Léon
  • Dates associated with a name: 1867-1942

670 ## - SOURCE DATA FOUND

  • Source citation: Work cat.: (Co-BoUCM): Daudet, Léon 1867-1942, Léon Daudet. Oeuvres Philosophiques:, 1925